LEADER 01352nam a2200277 i 4500 001 000000177126 003 CaOOAMICUS 005 20250806100421.0 008 090114s2008 gw u000 u lat u 013 $a154634 020 $a978-3-402-10105-6 040 $aSeMil$bita 100 1 $aAlbertus : Magnus,$c.$0(OLS)http://semarc/name/930 245 10$a27.2: De homine /$cediderunt Henryk Anzulewicz et Joachim R. Söder. 264 1$aMonasterii Westfaliorum :$bin aedibus Aschendorff,$c2008. 300 $aLXXVI, 705 p. ;$c33 cm. 700 1 $aAnzulewicz, Henryk,$d<1955- >.$0(OLS)http://semarc/name/93650 700 1 $aSöder, Joachim Roland <1967- >.$0(OLS)http://semarc/name/93651 773 0 $aAlbertus : Magnus $tSancti doctoris Ecclesiae Alberti Magni ordinis fratrum praedicatorum episcopi Opera Omnia.$dMonasterii Westfaliorum : in aedibus Aschendorff $w()1311 850 $aSeMil 852 $aSeMil$W1$xVenegono$y1$mSL1.U VII 27/2$j127940$B127940$CSeMilBibl$Z2$F138446 $8I 961 $aSottoscrizione: Aschendorff 996 $6020$a978-3-402-10105-6$9(OLS)http://semarc/number/274161 996 $6245$a27.2: De homine$9(OLS)http://semarc/title/408956 996 $6264$aMonasterii Westfaliorum :$bin aedibus Aschendorff$9(OLS)http://semarc/publisher/30222 LEADER 01572nam a2200265 i 4500 001 000000252801 003 CaOOAMICUS 005 20220704104003.0 008 170206s1632 it u000 u lat u 013 $a231706 026 $aI.I. s.er ruud 10pr (3) 1632 (R) 040 $aSeMil$bita 100 1 $aGaroni, Angelo Stefano,$d.$0(OLS)http://semarc/name/92572 245 10$aAngeli Stephani Garoni I.C. Ticinensi ... Commentaria in tit. de oneribus nov. const. Mediol. lib. 4. tit. 9. ... Accesserunt additiones ad lib. observationum iam editum nec non ad comm. in titulum de iure et privilegio fisci .. 264 1$aMediolani :$bex Ambrosiani Collegij Typographia : sumptib. Io. Baptistae Cerri,$c1632. 300 $a[2], 128, [4] p. ;$c4º. 500 $aIniz., fregi xilogr. - Legato con 3O-IV-16 FA 500 $aSegn.: A-Q4 R2 710 0 $aCerri, Giovanni Battista$c.$0(OLS)http://semarc/name/79276 710 2 $aStamperia del Collegio Ambrosiano$c.$0(OLS)http://semarc/name/7776 850 $aSeMil 852 $aSeMil$W1$xVenegono$y1$m3O IV 18 FA$j203147$B203147$CSeMilBibl$Z2$F215856 $8I 996 $6245$aAngeli Stephani Garoni I.C. Ticinensi ... Commentaria in tit. de oneribus nov. const. Mediol. lib. 4. tit. 9. ... Accesserunt additiones ad lib. observationum iam editum nec non ad comm. in titulum de iure et privilegio fisci ..$9(OLS)http://semarc/title/410169 996 $6264$aMediolani :$bex Ambrosiani Collegij Typographia : sumptib. Io. Baptistae Cerri$9(OLS)http://semarc/publisher/57471